Statistics for Mexican soccer players scoring during the World Cup

Click here to take the quiz!

General Stats

  • This quiz has been taken 231 times
    (93 since last reset)
  • The average score is 10 of 44

Answer Stats

GoalsYear(s)Player% Correct
42010, 2014, 2018Javier Hernandez
88%
41998Luis Hernandez
70%
12018Hirving Lozano
69%
11962Hector Hernandez
64%
11986Hugo Sanchez
60%
32006, 2010, 2014Rafael Marquez
52%
31998, 2002, 2010Cuauhtémoc Blanco
49%
12022Luis Chávez
45%
12014Andrés Guardado
44%
12018Carlos Vela
43%
12014Giovani Dos Santos
43%
12022Henry Martín
37%
12014Oribe Peralta
25%
21994, 1998Alberto Garcia Aspe
24%
22002Jared Borgetti
24%
21994Luis Garcia
23%
22006Omar Bravo
19%
11970José Luis Gonzalez
17%
12002Gerardo Torrado
14%
11986Manuel Negrete
11%
11954Tomas Balcazar
11%
11994Marcelino Bernal
10%
11966Enrique Borja
8%
12006Francisco Fonseca
8%
11970Gustavo Pena
8%
11986Luis Flores
8%
21930Manuel Rosas
8%
21998Ricardo Pelaez
8%
12006Zinha
8%
11962Alfredo del Águila
7%
21986Fernando Quirarte
7%
21970Javier Valdivia
7%
11978Arturo Vázquez Ayala
6%
11962Isidoro Diaz
6%
11958Jaime Belmonte
6%
11954José Luis Lamadrid
6%
11970Juan Ignacio Basaguren
6%
11986Raul Servin
6%
11950Hector Ortiz
5%
11950Horacio Casarín
5%
11970Javier Fragoso
5%
11930Roberto Gayon
5%
11978Víctor Rangel
5%
11930Juan Carreno
4%

Score Distribution

Percentile by Number Answered

Percent of People with Each Score

Your Score History

You have not taken this quiz since the last reset